TV Show By Flashback Photo Quiz Stats

Quiz Updated Jun 13, 2017

Challenge
Share
Tweet
Score 0/20 Timer 05:00
2 Plays Today
% Correct
Friends
96%
The Big Bang Theory
90%
The Golden Girls
88.4%
Scrubs
86%
Everybody Loves Raymond
85.9%
Seinfeld
82.5%
30 Rock
80.4%
House M.D.
79.6%
Mad Men
76.3%
How I Met Your Mother
74.6%
% Correct
Grey's Anatomy
68.9%
Lost
66.8%
The Sopranos
65.2%
Will & Grace
61.3%
Dexter
50%
Buffy The Vampire Slayer
29.2%
The X-Files
27.3%
The Vampire Diaries
23.5%
Fringe
22.4%
Gilmore Girls
12.4%

You're not logged in!

Compare scores with friends on all Sporcle quizzes.
Sign Up with Email
OR
Log In

You Might Also Like...

Show Comments

Extras

Top Quizzes Today


Score Distribution

Your Account Isn't Verified!

In order to create a playlist on Sporcle, you need to verify the email address you used during registration. Go to your Sporcle Settings to finish the process.